Биомеханика: учебник для вузов

Detalles Bibliográficos
Autor principal: Попов Г. И. Григорий Иванович
Sumario:Изложены сведения из области классической биомеханики, необходимые для понимания работы двигательного аппарата человека. Рассмотрены силовые и энергетические аспекты движения тела человека в целом и его отдельных звеньев. Показана связь между использованием традиционных средств физического воспитания, спортивной тренировки, нетрадиционными биомеханическими технологиями и возможным двигательным эффектом при выполнении упражнений. Для студентов высших учебных заведений.
Lenguaje:ruso
Publicado: Москва, Академия, 2007
Edición:2-е изд., испр. и доп.
Colección:Высшее профессиональное образование. Педагогические специальности
Materias:
Formato: Libro
KOHA link:https://koha.lib.tpu.ru/cgi-bin/koha/opac-detail.pl?biblionumber=122940

MARC

LEADER 00000nam0a2200000 4500
001 122940
005 20231031130319.0
010 |a 9785769538438 
035 |a (RuTPU)RU\TPU\book\133090 
090 |a 122940 
100 |a 20071010d2007 m y0rusy50 ca 
101 0 |a rus 
102 |a RU 
105 |a a j 001zy 
200 1 |a Биомеханика  |e учебник для вузов  |f Г. И. Попов 
205 |a 2-е изд., испр. и доп. 
210 |a Москва  |c Академия  |d 2007 
215 |a 256 с.  |c ил. 
225 1 |a Высшее профессиональное образование. Педагогические специальности 
320 |a Список литературы: с. 251. 
330 |a Изложены сведения из области классической биомеханики, необходимые для понимания работы двигательного аппарата человека. Рассмотрены силовые и энергетические аспекты движения тела человека в целом и его отдельных звеньев. Показана связь между использованием традиционных средств физического воспитания, спортивной тренировки, нетрадиционными биомеханическими технологиями и возможным двигательным эффектом при выполнении упражнений. Для студентов высших учебных заведений. 
610 1 |a биомеханика 
610 1 |a человек 
610 1 |a движение 
610 1 |a кинетика 
610 1 |a динамика 
610 1 |a мышечно-скелетная система 
610 1 |a движение 
610 1 |a механическая работа 
610 1 |a энергия 
610 1 |a биомеханический контроль 
610 1 |a моторика 
610 1 |a особенности 
610 1 |a двигательные действия 
610 1 |a управление 
610 1 |a математическое моделирование 
610 1 |a спортивно-техническое мастерство 
610 1 |a локомоторные движения 
610 1 |a перемещающие движения 
610 1 |a движение вокруг осей 
610 1 |a волновые процессы 
610 1 |a опорные взаимодействия 
610 1 |a результативность 
610 1 |a учебники 
675 |a 612.7(075.8)  |v 3 
700 1 |a Попов  |b Г. И.  |g Григорий Иванович 
801 1 |a RU  |b 63413507  |c 20071010  |g PSBO 
801 2 |a RU  |b 63413507  |c 20220505  |g PSBO 
900 |a Биомеханика 
942 |c BK 
951 |b 032100  |b 032101 
959 |a 70/20071010  |d 1  |e 198,00  |f ЧЗТЛ:1